Responses for show #8428 - Wednesday, June 23, 2021

Champion's winnings & consolation amounts matched to The Bowery Mission.

Contestants

[<< previous game]

Danielle Linn, a historian and auctioneer from Cincinnati, Ohio

Joel Simeone, a sports information assistant from Azusa, California

Sandy Olive, a high school English teacher from St. Louis, Missouri (whose 1-day cash winnings total $21,000)

[next game >>]

Jeopardy! Round responses

A CATEGORY IN 5 ACTS
BRITISH POETRY
WORDS WITH A SINGLE VOWEL
CATCH
LIGHTNING
IN A BOTTLE
    $200 5
associate justices

Sandy
    $200 16
Elizabeth Barrett Browning

Sandy
    $200 1
shark

Sandy
    $200 10
lengths

Danielle
    $200 6
fire

Sandy
    $200 2
Johnson & Johnson

Joel
    $400 7
a copyright

Joel
    $400 22
(Danielle: What is The Inferno?)

Paradise Lost

SandyDanielle
    $400 13
the dust

Joel
    $400 17
cricket

Sandy
    $400 9
sand

Danielle
    $400 3
Methuselah

Danielle
    $600 8
Canada

Sandy
    $600 24
a mouse

Sandy
    $600 14
down

Joel
    $2,000 21
a marlin

Sandy
    $600 23
a thunderbolt

Triple Stumper
    $600 4
(Danielle: What is Evian?)

Pellegrino

Danielle
Triple Stumper
    $800 25
the Netherlands

Sandy
    $800 18
The Rime of the Ancient Mariner

Sandy
    $800 15
(Joel: What is a mime?)

a clown

SandyJoel
    $800 26
Odell Beckham Jr.

Joel
    $800 19
strike twice

Sandy
    $800 11
(Savannah: My grandma loved it.)

Clamato

Danielle
    $1000 20
Fred Hartley

Triple Stumper
    $1000 30
put it last in his books

Triple Stumper
    $1000 29
a plant

Sandy
    $1000 27
Roger Maris

Joel
    $1000 28
white lightning

Triple Stumper
    $1000 12
Lea & Perrins

Sandy

Scores at the first commercial break (after clue 15):

Sandy Joel Danielle
$3,000 $800 $1,200

Scores at the end of the Jeopardy! Round:

Sandy Joel Danielle
$10,000 $2,600 $800

Double Jeopardy! Round responses

ART & ARTISTS
RHYME TIME
THE ARISTOCRATS!
COUNTRY FACTS
HISTORIC NUMBERS
TV-POURRI
    $400 3
mercury

Sandy
    $400 6
a cellar dweller

Sandy
    $400 23
blue bloods

Triple Stumper
    $400 1
Greece

Sandy
    $400 14
the 14 Points

Joel
    $400 2
America's Got Talent

Sandy
    $800 5
Bad Art

Sandy
    $800 7
doubly bubbly

Sandy
    $800 24
von

Sandy
    $800 11
Belgium

Danielle
    $800 15
Apollo 13

Joel
    $800 4
Christopher Meloni

Sandy
    $2,000 25
(Sandy: Who is Jackson Pollock?)

James Abbott McNeil Whistler

Sandy
    $1200 20
an elder welder

Joel
    $1200 28
(Danielle: What is earl?)

viscount

Danielle
Triple Stumper
    $1200 12
Oman

Sandy
    $1200 16
the 13th Amendment

Joel
    $1200 8
The Shield

Joel
    $1600 26
Christo

Danielle
    $1600 21
a trinity affinity

Sandy
    $1600 29
Josephine Bonaparte

Sandy
    $1600 13
Uganda

Triple Stumper
    $1600 17
(Joel: [Sighs] I don't know, sorry.)

the 100 Days

Joel
Triple Stumper
    $1600 9
In Living Color

Joel
    $2000 27
Hieronymus Bosch

Sandy
    $2000 22
a Brahma drama

Joel
    $2000 30
Mountbatten

Joel
    $4,000 19
Panama

Joel
    $2000 18
the 7th Cavalry

Triple Stumper
    $2000 10
Big Mouth

Triple Stumper

Scores at the end of the Double Jeopardy! Round:

Sandy Joel Danielle
$19,200 $15,400 $2,000

[wagering suggestions for these scores]

Final Jeopardy! Round responses

FAMOUS WOMEN
(Savannah: [To Sandy] The first woman in space; she orbited the Earth 48 times in 1963.)
DanielleWho is Svetlana Vladimirk
$1,900
JoelWho is Korbut?
$10,000
SandyWho is Valentina Tereshkova?
$12,000
Valentina Tereshkova

Final scores:

Sandy Joel Danielle
$31,200 $5,400 $100
2-day champion: $52,200 2nd place: $2,000 3rd place: $1,000

Game dynamics:

Coryat scores:

Sandy Joel Danielle
$19,800 $13,400 $2,000
27 R
(including 1 DD),
1 W
(including 1 DD)
15 R
(including 1 DD),
2 W
6 R,
3 W

Combined Coryat: $35,200

The J! Archive is created by fans, for fans. The Jeopardy! game show and all elements thereof, including but not limited to copyright and trademark thereto, are the property of Jeopardy Productions, Inc. and are protected under law. This website is not affiliated with, sponsored by, or operated by Jeopardy Productions, Inc. Join the discussion at JBoard.tv.